000 01277 a2200205 4500
020 _a0071420347
020 _a9780071420341
082 0 4 _a332.6452
090 _c3181
_d3181
100 1 _aYoder, Bo.
245 1 0 _aMastering futures trading :
_ban advanced course for sophisticated strategies that work /
_cBo Yoder.
250 _a1st ed.
260 _a[S.l.] :
_bMcGraw-Hill,
_c2004.
300 _a288 p. ;
_c24 cm.
500 _aHardcover.
520 _aSkilled stock traders and investors are increasingly turning to futures trading to augment their overall performance. Mastering Futures Trading introduces these traders to proven and popular Strategies, concepts, and methods for becoming experts in this high-potential, highly leveraged game. Unique in its unflinching look at the realities of futures trading—both the highs and the lows—this clear and accessible book covers how to trade hot new single-stock futures, proven futures trading strategies, blow-by-blow examples of futures trading in action, and mo
856 _3Amazon.com
_uhttp://www.amazon.com/exec/obidos/ASIN/0071420347/chopaconline
856 _3Amazon customer reviews
_uhttp://www.chopac.org/cgi-bin/tools/azrev.pl?q=0071420
942 _aNBS
_cBK
_k332.6452 YOD
999 _c345669
_d345669